HANDBOOK OF PHARMACEUTICAL CHEMISTRY - II (Record no. 5992)

MARC details
000 -LEADER
fixed length control field 00401nam a22001577a 4500
005 - DATE AND TIME OF LATEST TRANSACTION
control field 20230119121310.0
008 - FIXED-LENGTH DATA ELEMENTS--GENERAL INFORMATION
fixed length control field 190911b xxu||||| |||| 00| 0 eng d
020 ## - INTERNATIONAL STANDARD BOOK NUMBER
ISBN 978-93-85529-01-6
041 ## - LANGUAGE CODE
Language code of text/sound track or separate title eng
100 ## - MAIN ENTRY--AUTHOR NAME
Personal name BATRA, H.R.
245 ## - TITLE STATEMENT
Title HANDBOOK OF PHARMACEUTICAL CHEMISTRY - II
260 ## - PUBLICATION, DISTRIBUTION, ETC. (IMPRINT)
Place of publication DELHI
Name of publisher VALLABH
Year of publication 2015
300 ## - PHYSICAL DESCRIPTION
Number of Pages 216p,
650 ## - SUBJECT ADDED ENTRY--TOPICAL TERM
Topical Term PHARMACY
General subdivision B.PHARMA
942 ## - ADDED ENTRY ELEMENTS (KOHA)
Koha item type Books
Holdings
Lost status Damaged status Collection code Home library Current library Shelving location Date acquired Source of acquisition Cost, normal purchase price Accession Number Koha item type
    Reference JRU Library JRU Library SHELF-4-B 11/09/2019 PURCHESS 190.00 23536 Books
    PHARMACY JRU Library JRU Library SHELF-18-D 11/09/2019 PURCHESS 190.00 23537 Books
    PHARMACY JRU Library JRU Library SHELF-18-D 11/09/2019 PURCHESS 190.00 23538 Books
    PHARMACY JRU Library JRU Library SHELF-18-D 11/09/2019 PURCHESS 190.00 23539 Books